FAMILY WARS CLASSIC CONFLICTS IN FAMILY (Record no. 10822)

MARC details
000 -LEADER
fixed length control field 00375nam a2200133Ia 4500
008 - FIXED-LENGTH DATA ELEMENTS--GENERAL INFORMATION
fixed length control field 240624s9999 xx 000 0 und d
041 ## - LANGUAGE CODE
Language code of text/sound track or separate title eng
082 ## - DEWEY DECIMAL CLASSIFICATION NUMBER
Classification number 658.4053 GOR
100 ## - MAIN ENTRY--PERSONAL NAME
Personal name GORDON GRANT
245 ## - TITLE STATEMENT
Title FAMILY WARS CLASSIC CONFLICTS IN FAMILY
260 ## - PUBLICATION, DISTRIBUTION, ETC.
Date of publication, distribution, etc. 2008
Place of publication, distribution, etc. New Delhi
Name of publisher, distributor, etc. Kogan Page India Private limited
300 ## - PHYSICAL DESCRIPTION
Extent viii, : 289 : p. : cm. ; 23
365 ## - TRADE PRICE
Currency code RS
Price amount 33
Holdings
Withdrawn status Lost status Damaged status Not for loan Home library Current library Shelving location Date acquired Source of acquisition Cost, normal purchase price Total Holds Full call number Barcode Date last seen Copy number Price effective from Koha item type
        IMTN IMTN Rack 31-A 10/06/2008 AP 295.00 1280 658.4053 GOR 10822 06/24/2024 1 06/24/2024 Books
Designed & Maintained by: LRC IMT Nagpur Contact: lrc@imtnag.ac.in© 2024. All Rights Reserved.